| 000 | 00612nam a22001457a 4500 | ||
|---|---|---|---|
| 003 | OSt | ||
| 005 | 20160321090905.0 | ||
| 008 | 160321b xxu||||| |||| 00| 0 eng d | ||
| 040 | _cRUA | ||
| 082 | _aAGR CHH 2011 B470 Or.1 | ||
| 100 |
_98069 _aCHHORN SREYPOV; ឆន ស្រីពៅ |
||
| 245 | _aEffect of growing methods on growth and yield of phkarumdeng rice, ឥទ្ធិពលនៃវិធីសាស្រ្តដាំដុះទៅលើការលូតលាស់និងទិន្នផលស្រូវផ្ការំដេង | ||
| 300 |
_axi,66p. _biil. _c29cm. |
||
| 942 |
_2ddc _cAGR |
||
| 999 |
_c7669 _d7669 |
||